| 000 | 00655cam a2200205 i 4500 | ||
|---|---|---|---|
| 003 | OSt | ||
| 005 | 20230626102814.0 | ||
| 008 | 141020s2015 nyu b 000 0 eng | ||
| 020 | _a9781138832060 | ||
| 040 | _cNIRUC | ||
| 050 | 0 | 0 |
_aLB1576 _b.R83 |
| 100 | 1 | _aRuday, Sean | |
| 245 | 1 | 4 |
_aThe informational writing toolkit : _bUsing mentor texts in grades 3-5 / _cSean Ruday |
| 264 | 1 |
_aNew York : _bRoutledge, _c2015. |
|
| 300 |
_aix, 114 p. : ill. _c24 cm |
||
| 504 | _aIncludes bibliographical references. | ||
| 650 | 0 |
_aEnglish language _xStudy and teaching (Elementary) |
|
| 650 | 0 |
_aReport writing _xStudy and teaching (Elementary) |
|
| 942 |
_2lcc _cBK _n0 |
||
| 999 |
_c48 _d48 |
||